Normal view
MARC view
- القضاء في الاسلام- النظم الاسلامية- الاثبات- فقه اسلامي
Entry Topical Term
001 - CONTROL NUMBER
- control field: 46525
003 - CONTROL NUMBER IDENTIFIER
- control field: JO-AjAnu
005 - DATE AND TIME OF LATEST TRANSACTION
- control field: 20230606081704.0
008 - FIXED-LENGTH DATA ELEMENTS
- fixed length control field: 230606|| aca||aabn | a|a d
040 ## - CATALOGING SOURCE
- Original cataloging agency: JO-AjAnu
- Transcribing agency: JO-AjAnu
150 ## - HEADING--TOPICAL TERM
- Topical term or geographic name entry element: القضاء في الاسلام- النظم الاسلامية- الاثبات- فقه اسلامي
670 ## - SOURCE DATA FOUND
- Source citation: Work cat.: (JO-AjAnu)23815: التجكاني، محمد الحبيب, author 46524, النظرية العامة للقضاء والإثبات في الشريعة الإسلامية مع مقارنات بالقانون الوضعي